1158 1345 1405 1476 1746 1162 1456 1087 1629 1038 1062 1470 1470 1730 2000 1445 1784 1751 1568 1037 1927 1616 1710 1750 1589 1087 1605 1142 1870 1361 1068 1028 1596 1040 1006 1477 1276 1315 1797 1325 1853 1036 1970 1533 1051 1709 1700 1972 1517 1459 1088 1455 1029 1352 1835 1211 1090 1145 1427 1899 1571 1598 1345 1566 1580 1384 1962 1034 1610 1816 1064 1132 1275 1214 1956 1180 1721 1798 1347 1928 1388 1597 1151 1340 1018 1205 1183 1237 1614 1161 1565 1096 1120 1351 1257 1396 1591 1996 1624 BCNSPRNW ULIB Ver.6.0+V

เปลี่ยนเป็นภาษาไทย

Change to English
 แสดงรายละเอียดบรรณานุกรม
  กลับหน้าหลัก

Brief Record : Get Marc (ISO 2709) : E-mail record : QR code < ปิดหน้าต่าง
LEADER : 00000nam 2200000 a 4500
001    13399113823
003     ULIB
008    981102s1997 us a 001 0 eng d
020    ^a0763704040
060  4 ^aWY100^bH434
245 00 ^aHealth policy and nursing :^bcrisis and reform in the U.S.
250    ^a2nd ed
260    ^aBoston :^bJones and Bartlett,^cc1997
300    ^axiv, 526 p. :^bill. ;^c24 cm
504    ^aIncludes bibliographical references and index
650  2 ^aDelivery of Health Care^zUnited Staties
650  2 ^aHealth Policy^zUnited States
650  2 ^aNursing Care^zUnited States
700 1  ^aHarrington, Charlene,^eed
700 1  ^aEstes, Carroll L,^eed
945    ^p0^l0^i030900
949    ^aเกษร
999 ^a ใช้งานได้ทุกระบบ
รายการนี้ยังไม่มีแท็ก
คุณยังไม่ได้ล็อกอิน คุณสามารถมีกิจกรรมร่วมกับเว็บไซต์ได้ แต่ต้องล็อกอินก่อน ::
  ล็อกอิน

รายการสื่อสารสนเทศ

ลำดับที่ ประเภท เลขเรียก/บาร์โค้ด สถานที่ สถานะ
- ไม่พบข้อมูล -

BibComment


ยังไม่เคยถูกคอมเมนท์

คอมเมนท์ทรัพยากรรายการนี้
  คอมเมนท์: Health policy an..


 Copyright 2026. Bcnsprnw @Library